[Event "Oberliga Baden 0607"]
[Site "Germany"]
[Date "2007.04.01"]
[Round "8.6"]
[White "Hanisch, Joerg"]
[Black "Mathonia, Claude"]
[Result "1-0"]
[WhiteElo "2232"]
[BlackElo "2216"]
[PlyCount "55"]
[EventDate "2006.10.15"]
[EventType "team-tourn"]
[EventRounds "9"]
[EventCountry "GER"]
[SourceTitle "EXT 2008"]
[Source "ChessBase"]
[SourceDate "2007.11.25"]
[SourceVersion "1"]
[SourceVersionDate "2007.11.25"]
[SourceQuality "1"]
[WhiteTeam "Neuhausen"]
[BlackTeam "Zaehringen"]
[WhiteTeamCountry "GER"]
[BlackTeamCountry "GER"]

1. d4 d5 2. c4 dxc4 3. e4 Nc6 4. Nf3 Bg4 5. d5 Ne5 6. Bf4 Ng6 7. Be3 e5 8. Bxc4 Bd6 9. Nc3 Nf6 10. Be2 0-0 11. Nd2 Bxe2 12. Qxe2 Nd7 13. 0-0 a6 14. Rac1 Qf6 15. Nc4 Nf4 16. Qd2 Qg6 17. f3 b5 18. Nxd6 Qxd6 19. Bxf4 exf4 20. Ne2 g5 21. Rc6 Qe5 22. Rfc1 Nb6 23. Qc3 Rfe8 24. Qxe5 Rxe5 25. Nd4 Nc4 26. b3 Ne3 27. Rxc7 Rd8 28. Nc6 1-0

[Event "Oberliga Baden 0607"]
[Site "Germany"]
[Date "2006.12.10"]
[Round "4.6"]
[White "Bloessl, Walter"]
[Black "Hanisch, Joerg"]
[Result "1-0"]
[WhiteElo "2195"]
[BlackElo "2232"]
[PlyCount "95"]
[EventDate "2006.10.15"]
[EventType "team-tourn"]
[EventRounds "9"]
[EventCountry "GER"]
[SourceTitle "EXT 2008"]
[Source "ChessBase"]
[SourceDate "2007.11.25"]
[SourceVersion "1"]
[SourceVersionDate "2007.11.25"]
[SourceQuality "1"]
[WhiteTeam "Ladenburg"]
[BlackTeam "Neuhausen"]
[WhiteTeamCountry "GER"]
[BlackTeamCountry "GER"]

1. e4 e5 2. Nf3 Nc6 3. Bb5 Nf6 4. d3 d6 5. c3 g6 6. Nbd2 Bg7 7. Nf1 0-0 8. Bg5 h6 9. Bh4 Ne7 10. Qd2 Nh5 11. 0-0-0 Be6 12. Bc4 Nf4 13. Bxe6 fxe6 14. Ne1 Kh7 15. f3 Qd7 16. Kb1 Nc6 17. Bf2 d5 18. g3 Nh3 19. Bc5 Rf6 20. Qg2 Ng5 21. h4 Nf7 22. Ne3 h5 23. Qh3 Rd8 24. g4 Nh8 25. g5 Rf7 26. N1c2 Bf8 27. Bxf8 Rfxf8 28. Rhf1 Qd6 29. b4 b5 30. d4 exd4 31. Nxd4 Nxd4 32. Rxd4 c6 33. exd5 cxd5 34. f4 Nf7 35. f5 exf5 36. Nxd5 Qe5 37. Rfd1 Kg7 38. Qd3 a6 39. Qd2 Rd6 40. Re1 Qg3 41. Nf4 Kg8 42. Rxd6 Nxd6 43. Re6 Qg1+ 44. Kc2 Nc4 45. Rxg6+ Kh8 46. Rh6+ Kg8 47. Qd5+ Rf7 48. Rg6+ 1-0

[Event "Verbandsliga Nord Baden 0506"]
[Site "Germany"]
[Date "2005.10.16"]
[Round "1.3"]
[White "Hanisch, Joerg"]
[Black "Zimmer, Frank"]
[Result "1-0"]
[WhiteElo "2248"]
[BlackElo "2084"]
[PlyCount "101"]
[EventDate "2005.10.16"]
[EventType "team"]
[EventRounds "9"]
[EventCountry "GER"]
[SourceTitle "EXT 2007"]
[Source "ChessBase"]
[SourceDate "2006.11.23"]
[SourceVersion "1"]
[SourceVersionDate "2006.11.23"]
[SourceQuality "1"]
[WhiteTeam "Neuhausen"]
[BlackTeam "Mosbach"]
[WhiteTeamCountry "GER"]
[BlackTeamCountry "GER"]

1. e4 c5 2. Nf3 Nc6 3. d4 cxd4 4. Nxd4 g6 5. c4 Bg7 6. Be3 Nf6 7. Nc3 0-0 8. Be2 b6 9. f4 Bb7 10. Bf3 Nxd4 11. Bxd4 d6 12. 0-0 Qb8 13. Qd2 Rd8 14. Rfc1 Rd7 15. a4 Qd8 16. Ra2 Rc8 17. b3 Ne8 18. Be3 e6 19. Nb5 Ba8 20. a5 bxa5 21. Rxa5 d5 22. exd5 exd5 23. Rxa7 Rxa7 24. Nxa7 Rb8 25. cxd5 Qd7 26. b4 Nd6 27. Nc6 Re8 28. Qd3 Nf5 29. Bf2 h5 30. b5 Bb7 31. b6 Rc8 32. Qb1 Re8 33. Qb3 Qd6 34. g3 h4 35. Kg2 hxg3 36. hxg3 Bf6 37. Na5 Ba6 38. Rc6 Qd8 39. b7 Qxa5 40. b8Q Rxb8 41. Qxb8+ Kg7 42. Rxf6 Qa1 43. Rxa6 Qxa6 44. g4 Nd6 45. Bd4+ f6 46. Bxf6+ Kf7 47. Be5 Qa2+ 48. Kg3 Nc4 49. Qc7+ Kf8 50. Qg7+ Ke8 51. Qxg6+ 1-0